000 00732nam a2200253Ia 4500
003 OSt
005 20220928115632.0
006 a|||||r|||| 00| 0
007 ta
008 220927b |||||||| |||| 00| 0 eng d
020 _c576.94000000000005
024 _a117164
037 _b170, 20/09/2012, Classic Book Service
_cTextual
040 _aSDCL
_cSDCL
_beng
041 _2eng
_aeng
082 _aW, Q1
100 _aHeywood Andrew
_9445243
245 0 _aKey concepts in politics.
260 _aHoundmills
_bPalgrave Macmillan
_c2000
300 _axi,281p
_ccm.
650 _aPolitical Science
942 _hW, Q1
_cTEXL
_2CC
999 _c760216
_d760216